000
00332nam a2200169Ia 4500
100
_a
Balagurusamy/E
650
_a
Java
942
_c
BK
366
_f
20
654
_a
java
245
_a
Programming with JAVA: A Primer
260
_b
Mc Graw Hill
_c
2015
082
_b
BAL
300
_a
460
546
_a
ENGLISH
999
_c
22198
_d
22198